Policy, and Older: The Persistence of Economic Problems in Capitalis States

Gespeichert in:
Bibliographische Detailangaben
1. Verfasser: Schott, Kerry
Körperschaft: Yale University
Format: Text
Veröffentlicht: s.l.: Yale University
Tags: Tag hinzufügen
Keine Tags, Fügen Sie den ersten Tag hinzu!

MARC

LEADER 00000 a a2200000 04500
001 25385
003
040
020 |a 0-300-03237-4  
090 |a 181600  
100 |a Schott, Kerry  
110 |a Yale University  
245 |a Policy, and Older: The Persistence of Economic Problems in Capitalis States  
260 |a s.l.:   |b Yale University  
300 |a 201 p   |b **no definido**  
999 |c 11855  |d 11855